[Event "Leiden SB-chB"]
[Site "Leiden"]
[Date "2014.06.03"]
[Round "4"]
[White "Bakker, Joop"]
[Black "Van der Nat, Harre"]
[Result "0-1"]
[WhiteElo "1882"]
[BlackElo "1790"]
[PlyCount "80"]
[EventDate "2014.05.13"]
[EventType "swiss"]
[EventRounds "7"]
[EventCountry "NED"]
[SourceTitle "EXT 2015"]
[Source "ChessBase"]
[SourceDate "2014.11.20"]
[SourceVersion "1"]
[SourceVersionDate "2014.11.20"]
[SourceQuality "1"]

1. d4 d6 2. Nf3 Nf6 3. Nc3 Nbd7 4. Bf4 c6 5. e4 Qa5 6. Nd2 e5 7. Nc4 Qc7 8. Bg3 b5 9. dxe5 dxe5 10. Nd2 Nc5 11. Bd3 Bg4 12. f3 Be6 13. 0-0 Rd8 14. Qe2 g5 15. Nb3 Nh5 16. Rfd1 Nxg3 17. hxg3 Nxb3 18. axb3 Bc5+ 19. Kf1 h5 20. Na2 h4 21. g4 Qb6 22. b4 Be3 23. b3 Bf4 24. c4 h3 25. c5 hxg2+ 26. Qxg2 Qc7 27. Be2 Rxd1+ 28. Rxd1 Bxb3 29. Ra1 Rh2 30. Qg1 f6 31. Nc1 Ba4 32. Nd3 Qh7 33. Nxf4 gxf4 34. Bd1 Qh3+ 35. Ke1 Rh1 36. Qxh1 Qxh1+ 37. Kd2 Bxd1 38. Rxd1 Qxf3 39. Kc2 Qxe4+ 40. Kb2 Qxb4+ 0-1